Historia y antología de la literatura chilena / (Registro nro. 2872)
[ vista simple ]
| 000 -LEADER | |
|---|---|
| campo de control de longitud fija | 01559nam a22002417a 4500 |
| 001 - NÚMERO DE CONTROL | |
| campo de control | 2872 |
| 003 - IDENTIFICADOR DE NÚMERO DE CONTROL | |
| campo de control | HMS |
| 005 - FECHA Y HORA DE LA ÚLTIMA TRANSACCIÓN | |
| campo de control | 20251023142226.0 |
| 008 - DATOS DE LONGITUD FIJA--INFORMACIÓN GENERAL | |
| campo de control de longitud fija | 251023e1965 cl ||||gr|||| 001 m spa |
| 020 ## - NÚMERO INTERNACIONAL ESTÁNDAR DEL LIBRO | |
| Número Internacional Estándar del Libro | |
| 040 ## - FUENTE DE CATALOGACIÓN | |
| Centro catalogador/agencia de origen | hms |
| Lengua de catalogación | spa |
| Centro/agencia transcriptor | hms |
| 082 04 - NÚMERO DE LA CLASIFICACIÓN DECIMAL DEWEY | |
| Número de clasificación | Ch860.09 M779 |
| 100 1# - ENTRADA PRINCIPAL--NOMBRE DE PERSONA | |
| Nombre de persona | Montes, Hugo, |
| Fechas asociadas al nombre | 1926-2022 |
| Término indicativo de función/relación | autor |
| 9 (RLIN) | 4498 |
| 245 10 - MENCIÓN DEL TÍTULO | |
| Título | Historia y antología de la literatura chilena / |
| Mención de responsabilidad, etc. | Hugo Montes, Julio Orlandi. |
| Medio | [libro] |
| 250 ## - MENCION DE EDICION | |
| Mención de edición | 30 de diciembre de 1965 |
| 260 ## - PUBLICACIÓN, DISTRIBUCIÓN, ETC. | |
| Lugar de publicación, distribución, etc. | Santiago de Chile : |
| Nombre del editor, distribuidor, etc. | Editorial del Pacífico S.A., |
| Fecha de publicación, distribución, etc. | 1965 |
| 300 ## - DESCRIPCIÓN FÍSICA | |
| Extensión | 683 páginas ; |
| Dimensiones | 22 cm. |
| 500 ## - NOTA GENERAL | |
| Nota general | Incluye índice |
| 505 ## - NOTA DE CONTENIDO CON FORMATO | |
| Nota de contenido con formato | Primera parte. El reino de Chile. -- Los Albores de la independencia. -- Segunda parte. Movimientos literarios de 1842 y la prosa novelesca. -- Generación de 1837. -- Generación de 1952. -- Generación de 1867 -- Generación de 1982 -- Generación de 1897 -- Generación de 1912 -- Generación de 1927 -- Generación 1942 -- Generación de 1957 -- Generación actual. -- Tercera parte. La poesía de fin de siglo. -- Los grandes poetas. -- Otros poetas. -- Cuarta parte. La crítica y el ensayo. -- A. La crítica literaria. -- B. El ensayo. -- Historiadores. -- Periodista. -- Quinta parte. El teatro. -- Antología. -- Nominas de autores distinguidos con el premio nacional de literatura. -- Programas de literatura chilena. -- Biografía fundamental. -- Índice onomástico. -- Índice de materias. Fe de errata. |
| 650 #7 - PUNTO DE ACCESO ADICIONAL DE MATERIA--TÉRMINO DE MATERIA | |
| Término de materia o nombre geográfico como elemento de entrada | Literatura chilena. |
| Subdivisión general | Historia |
| -- | Crítica |
| 9 (RLIN) | 4499 |
| 650 #7 - PUNTO DE ACCESO ADICIONAL DE MATERIA--TÉRMINO DE MATERIA | |
| Término de materia o nombre geográfico como elemento de entrada | Escritores |
| Subdivisión geográfica | Chile |
| 9 (RLIN) | 4500 |
| 942 ## - ELEMENTOS DE ENTRADA SECUNDARIOS (KOHA) | |
| Fuente del sistema de clasificación o colocación | Clasificación Decimal Dewey |
| Tipo de ítem Koha | Colección General |
| Suprimir en OPAC | No |
| Estatus retirado | Estado de pérdida | Fuente del sistema de clasificación o colocación | Estado de daño | No para préstamo | Colección | Biblioteca de origen | Biblioteca actual | Ubicación en estantería | Fecha de adquisición | Fuente de adquisición | Número de inventario | Total de préstamos | Signatura topográfica completa | Código de barras | Visto por última vez | Copia número | Precio de reemplazo | Tipo de ítem Koha |
|---|---|---|---|---|---|---|---|---|---|---|---|---|---|---|---|---|---|---|
| Clasificación Decimal Dewey | Colección Reserva | Biblioteca Hospital Militar de Santiago | Biblioteca Hospital Militar de Santiago | Full Space | 23/10/2025 | Donación | 0003299 | Ch860.09 M779 1965 | 0003299 | 23/10/2025 | c.1 | 23/10/2025 | Colección Patrimonial |
